| 000 | 00866nam a2200253 i 4500 | ||
|---|---|---|---|
| 001 | 175880 | ||
| 003 | ES-MaACL | ||
| 005 | 20250827043444.0 | ||
| 008 | 101126s1998 sp |||| | spa d | ||
| 080 | _a821.134.2-1"19" | ||
| 100 | 1 |
_aRuiz de Torres, Juan, _d1931-2014 _9155342 |
|
| 245 | 1 | 0 |
_aPresencia / _cJuan Ruiz de Torres ; [edición de Enrique Valle]. |
| 260 |
_aMadrid : _bAsociación Prometeo de Poesía, _c1998. |
||
| 300 |
_a22 p. ; _c21 cm. |
||
| 490 | 1 |
_aPoesía nuestra ; _v4 |
|
| 490 | 1 | _aCuadernos de poesía nueva | |
| 598 | _aSerie suplemento a: "Cuadernos de poesía nueva" | ||
| 700 | 1 |
_aValle, Enrique. _9112756 |
|
| 710 | 2 |
_aAsociación Prometeo de Poesía _91787 |
|
| 830 | 0 |
_aPoesía nuestra ; _v4 _9223936 |
|
| 830 | 0 |
_aCuadernos de poesía nueva _9223938 |
|
| 852 |
_aES-MaACL _j2266-F-17 |
||
| 999 |
_c175880 _d175880 |
||